Poésies: Une Saison en enfer; Illuminations; et autres textes
Shranjeno v:
| Glavni avtor: | |
|---|---|
| Format: | Knjiga |
| Jezik: | Undetermined |
| Izdano: |
París, Francia
Le livre de Poche
1960
|
| Teme: | |
| Oznake: |
Označite
Brez oznak, prvi označite!
|
MARC
| LEADER | 00000nam a2200000Ia 4500 | ||
|---|---|---|---|
| 008 | 170316s9999 xx 000 0 und d | ||
| 040 | |a cru BVZT | ||
| 090 | |a 840 R-6po | ||
| 100 | |a Rimbaud, Arthur | ||
| 245 | |a Poésies: Une Saison en enfer; Illuminations; et autres textes | ||
| 260 | |a París, Francia | ||
| 260 | |b Le livre de Poche | ||
| 260 | |c 1960 | ||
| 300 | |a 253 páginas | ||
| 650 | |a LITERATURA FRANCESA | ||
| 650 | |a POESÍA EN IDIOMA FRANCÉS | ||
| 999 | |c 7938 |d 7938 | ||
| 942 | |c 15 D |h 840 R-6po |2 z | ||
